History Quiz

Random History or Nation Quiz

Newest UN Members Quiz Stats

 Plays Quiz Updated Apr 11, 2019

Score 0/38 Timer 05:00
3 Plays Today
Date of Admission Country % Correct
November 1, 2000Serbia
76.6%
September 17, 1991Latvia
71.2%
September 17, 1991Lithuania
70.1%
May 22, 1992Croatia
70%
September 17, 1991Estonia
70%
June 28, 2006Montenegro
69.3%
January 19, 1993Slovakia
68.7%
May 22, 1992Slovenia
67.3%
January 19, 1993Czechia
67.2%
March 2, 1992Kazakhstan
66.3%
May 22, 1992Bosnia and Herzegovina
66.1%
July 31, 1992Georgia
65.5%
March 2, 1992Uzbekistan
63.5%
March 2, 1992Turkmenistan
63.4%
April 8, 1993North Macedonia
62.4%
March 2, 1992Tajikistan
60.3%
March 2, 1992Azerbaijan
59.4%
March 2, 1992Armenia
58.1%
March 2, 1992Kyrgyzstan
57%
Date of Admission Country % Correct
March 2, 1992Moldova
53.9%
September 27, 2002Timor-Leste
47.9%
September 17, 1991North Korea
39%
September 17, 1991South Korea
36.4%
July 9th, 2011South Sudan
34.6%
December 15, 1994Palau
34.4%
September 5, 2000Tuvalu
34.1%
July 28, 1993Andorra
33.6%
September 14, 1999Nauru
33.4%
September 17, 1991Marshall Islands
32.3%
March 2, 1992San Marino
32.2%
September 14, 1999Kiribati
32.2%
September 17, 1991Micronesia
31.6%
May 28, 1993Monaco
31.5%
May 28, 1993Eritrea
30.5%
September 10, 2002Switzerland
30.4%
September 18, 1990Liechtenstein
29.8%
September 14, 1999Tonga
29.1%
April 23, 1990Namibia
16.9%

You're not logged in!

Compare scores with friends on all Sporcle quizzes.
OR
Log In

Sporcle TV

Today on Sporcle TV


Watch our educational content, quiz creation guides, and fun videos on Sporcle TV.

Show Comments

Extras

Top Quizzes Today


Score Distribution

Your Account Isn't Verified!

In order to create a playlist on Sporcle, you need to verify the email address you used during registration. Go to your Sporcle Settings to finish the process.

Report this User

Report this user for behavior that violates our Community Guidelines.

Details: